The MacTutor history of mathematics archive

Guardado en:
Autor Corporativo: University of St. Andrews. School of Mathematics and Statistics.
Otros Autores: O'Connor, John, 1945-, Robertson, E. F.
Formato: Desconocido
Idioma:English
Publicado: St. Andrews, Scotland : School of Mathematics and Statistics, University of St Andrews, [2000?]-
Acceso en línea:Sitio web
Etiquetas: Agregar Etiqueta
Sin Etiquetas, Sea el primero en etiquetar este registro!
LEADER 00861nai a22001935a 4500
001 MAT.inmabb003063
008 051021c20009999stkk|#wss#h###0####2eng#d
005 20130701155903.0
245 1 4 |a The MacTutor history of mathematics archive  |h [recurso electrónico] /  |c created by John J. O'Connor and Edmund F. Robertson. 
260 |a St. Andrews, Scotland :  |b School of Mathematics and Statistics, University of St Andrews,  |c [2000?]- 
538 |a Modo de acceso: World Wide Web. 
500 |a Título tomado de la página principal (vista el 21 de octubre de 2005). 
700 1 |a O'Connor, John,  |d 1945- 
700 1 |a Robertson, E. F. 
710 2 |a University of St. Andrews.  |b School of Mathematics and Statistics. 
084 |a 01A70  |2 msc2000 
084 |a 01-00  |2 msc2000 
856 4 0 |u http://www-groups.dcs.st-and.ac.uk/%7Ehistory/index.html  |y Sitio web 
859 |b BIB. MATEMATICA